IDRA. SEMESTRALE DI LETTERATURA. ANNO II N. 4. (Record n. 298723)
[ formato base ]
| 000 -LEADER | |
|---|---|
| fixed length control field | 01211nam a2200229Ia 4500 |
| 001 - CONTROL NUMBER | |
| control field | L890-39739 |
| 003 - CONTROL NUMBER IDENTIFIER | |
| control field | IT-CnALBA |
| 008 - FIXED-LENGTH DATA ELEMENTS--GENERAL INFORMATION | |
| fixed length control field | 170116s9999||||xx |||||||||||||| ||und|| |
| 040 ## - CATALOGING SOURCE | |
| Original cataloging agency | IT-CnALBA |
| Transcribing agency | IT-CnALBA |
| 041 ## - LANGUAGE CODE | |
| Language code of text/sound track or separate title | ITALIANO |
| 999 ## - SYSTEM CONTROL NUMBERS (KOHA) | |
| Koha Dewey Subclass [OBSOLETE] | NO |
| 100 ## - MAIN ENTRY--PERSONAL NAME | |
| Personal name | MANINETTI LUCIO |
| 245 #0 - TITLE STATEMENT | |
| Title | IDRA. SEMESTRALE DI LETTERATURA. ANNO II N. 4. |
| 250 ## - EDITION STATEMENT | |
| Edition statement | 1a ed. |
| 260 ## - PUBLICATION, DISTRIBUTION, ETC. (IMPRINT) | |
| Place of publication, distribution, etc. | RECCO, GENOVA |
| Name of publisher, distributor, etc. | IL MELANGOLO NUOVO |
| Date of publication, distribution, etc. | 1991 [1° Ed.:1991 - Ed.Ling.Originale: 1991] |
| 300 ## - PHYSICAL DESCRIPTION | |
| Extent | 162 p. |
| 500 ## - GENERAL NOTE | |
| General note | CHIARUTTINI M. DI STEFANO P. FONTANA G. LOMBARDI E. DUE RACCONTI DI DEL GIUDICE D. SAGGIO DI BARTAZZI G. SS3. DI PRESSBURGER G. IL MORMORIO DELLA TERRA. VIII POESIE TRADOTTE. DA ACQUE DI SCOLO, UNA PERIZIA. A COLOQUIO CON L'IDRA DI BOLLATI G. NOTIZIE. |
| 501 ## - WITH NOTE | |
| With note | Società San Paolo EM - Piazza San Paolo, 14 - 12051 ALBA (CN) (non commercial uses only) ® Copyright 2017 |
| 520 ## - SUMMARY, ETC. | |
| Summary, etc. | CHIARUTTINI M. DI STEFANO P. FONTANA G. LOMBARDI E. DUE RACCONTI DI DEL GIUDICE D. SAGGIO DI BARTAZZI G. SS3. DI PRESSBURGER G. IL MORMORIO DELLA TERRA. VIII POESIE TRADOTTE. DA ACQUE DI SCOLO, UNA PERIZIA. A COLOQUIO CON L'IDRA DI BOLLATI G. NOTIZIE. |
| 650 ## - SUBJECT ADDED ENTRY--TOPICAL TERM | |
| Topical term or geographic name as entry element | LETTERATURE IN ALTRE LINGUE |
| 942 ## - ADDED ENTRY ELEMENTS (KOHA) | |
| Koha item type | LIBRO |
| 957 ## - | |
| -- | 1 |
| 999 ## - SYSTEM CONTROL NUMBERS (KOHA) | |
| -- | Copie: 1 |
| Withdrawn status | Lost status | Damaged status | Not for loan | Home library | Current library | Date acquired | Total Checkouts | Full call number | Date last seen | Price effective from | Koha item type | Public note |
|---|---|---|---|---|---|---|---|---|---|---|---|---|
| Buone Condizioni | Not For Loan | ALBA - Biblioteca | ALBA - Biblioteca | 16/01/2017 | L890-39739 | 16/01/2017 | 16/01/2017 | LIBRO | (data import: 16 gennaio 2017) - By Epidotti, Vaglietti. |